LIBRARY & INFORMATION CENTRE, KCAET, TAVANUR

ONLINE PUBLIC ACCESS CATALOGUE (OPAC)

Handbook of hydraulics for the solution of hydrostatic and fluid flow problems / (Record no. 3856)

MARC details
000 -LEADER
fixed length control field 00535cam a2200181ua 4500
041 ## - LANGUAGE CODE
Language code of text/sound track or separate title eng
082 ## - DEWEY DECIMAL CLASSIFICATION NUMBER
Classification number 028.71627
Item number WIL/HA
100 ## - MAIN ENTRY--AUTHOR NAME
Personal name Williams Kay, Harace .
245 ## - TITLE STATEMENT
Title Handbook of hydraulics for the solution of hydrostatic and fluid flow problems /
260 ## - PUBLICATION, DISTRIBUTION, ETC. (IMPRINT)
Place of publication New York :
Name of publisher McGraw Hill Book Company ,
Year of publication 1971.
300 ## - PHYSICAL DESCRIPTION
Number of Pages 890 ; .
700 1# - ADDED ENTRY--PERSONAL NAME
Personal name Brater, Ernerst F .
942 ## - ADDED ENTRY ELEMENTS (KOHA)
Koha item type Books
Holdings
Withdrawn status Lost status Damaged status Home library Current library Date acquired Full call number Accession Number Koha item type
      KAUAET KAUAET 07/04/2012 028.71627 5960 Reference
free website counter